The merchant of Venice / (Registro nro. 47480)
[ vista simple ]
| 000 -LEADER | |
|---|---|
| fixed length control field | 01221cam a2200325 i 4500 |
| 001 - CONTROL NUMBER | |
| control field | 47480 |
| 003 - CONTROL NUMBER IDENTIFIER | |
| control field | Mx-PuUPA |
| 005 - DATE AND TIME OF LATEST TRANSACTION | |
| control field | 20260427104520.0 |
| 008 - FIXED-LENGTH DATA ELEMENTS--GENERAL INFORMATION | |
| fixed length control field | 140415s2008 xxka gr 001 0 eng d |
| 020 ## - INTERNATIONAL STANDARD BOOK NUMBER | |
| International Standard Book Number | 9781405882279 |
| 040 ## - CATALOGING SOURCE | |
| Original cataloging agency | Mx-PuUPA |
| Language of cataloging | spa |
| Transcribing agency | Mx-PuUPA |
| Modifying agency | Mx-PuUPA |
| Description conventions | rda |
| 041 1# - LANGUAGE CODE | |
| Language code of text/sound track or separate title | eng |
| 100 1# - MAIN ENTRY--PERSONAL NAME | |
| Personal name | Shakespeare, William, |
| Dates associated with a name | 1564-1616 |
| 9 (RLIN) | 7431 |
| Relator term | autor |
| 245 14 - TITLE STATEMENT | |
| Title | The merchant of Venice / |
| Statement of responsibility, etc. | William Shakespeare ; retold by Chris Rice |
| 264 #1 - PRODUCTION, PUBLICATION, DISTRIBUTION, MANUFACTURE, AND COPYRIGHT NOTICE | |
| Place of production, publication, distribution, manufacture | Harlow, England : |
| Name of producer, publisher, distributor, manufacturer | Pearson Education Limited, |
| Date of production, publication, distribution, manufacture, or copyright notice | 2008 |
| 300 ## - PHYSICAL DESCRIPTION | |
| Extent | x, 72 páginas : |
| Other physical details | ilustraciones (blanco y negro) ; |
| Dimensions | 20 cm |
| 336 ## - CONTENT TYPE | |
| Fuente | rdacontent |
| Content type term | texto |
| Content type code | txt |
| 337 ## - MEDIA TYPE | |
| Source | rdamedia |
| Media type term | sin medio |
| Media type code | n |
| 338 ## - CARRIER TYPE | |
| Source | rdacarrier |
| Carrier type term | volumen |
| Carrier type code | nc |
| 490 0# - SERIES STATEMENT | |
| Series statement | Penguin Readers |
| 521 0# - TARGET AUDIENCE NOTE | |
| Target audience note | Level 4 |
| -- | 1700 headwords |
| -- | Intermediate |
| 600 04 - SUBJECT ADDED ENTRY--PERSONAL NAME | |
| Personal name | Shylock (Personaje ficticio) |
| Form subdivision | Teatro |
| General subdivision | Adaptaciones |
| 650 #7 - SUBJECT ADDED ENTRY--TOPICAL TERM | |
| Source of heading or term | armarc |
| Topical term or geographic name entry element | Inglés |
| Form subdivision | Textos de lectura |
| General subdivision | Estudiantes extranjeros |
| -- | Lectura fácil |
| -- | Adaptaciones |
| 650 #7 - SUBJECT ADDED ENTRY--TOPICAL TERM | |
| Source of heading or term | armarc |
| Topical term or geographic name entry element | Teatro en inglés (comedia) |
| 650 #7 - SUBJECT ADDED ENTRY--TOPICAL TERM | |
| Source of heading or term | armarc |
| Topical term or geographic name entry element | Comerciantes judías |
| Geographic subdivision | Italia, Venecia (teatro) |
| 700 1# - ADDED ENTRY--PERSONAL NAME | |
| Personal name | Rice, Chris, |
| Dates associated with a name | editor |
| 942 ## - ADDED ENTRY ELEMENTS (KOHA) | |
| Source of classification or shelving scheme | Dewey Decimal Classification |
| Koha item type | Libro |
| Classification part | 428.24 |
| Item part | S52 |
| Withdrawn status | Lost status | Source of classification or shelving scheme | Damaged status | Not for loan | Collection code | Home library | Current library | Shelving location | Date acquired | Total Checkouts | Full call number | Barcode | Date last seen | Price effective from | Koha item type |
|---|---|---|---|---|---|---|---|---|---|---|---|---|---|---|---|
| Dewey Decimal Classification | General | Tehuacán | Tehuacán | Sala general | 09/04/2026 | 428.24 S52 2008 | 968000002760 | 09/04/2026 | 09/04/2026 | Libro |